Normal view
MARC view
Entry Personal Name
001 - CONTROL NUMBER
- control field: 452012
003 - CONTROL NUMBER IDENTIFIER
- control field:
005 - DATE AND TIME OF LATEST TRANSACTION
- control field: 20210602131405.0
008 - FIXED-LENGTH DATA ELEMENTS
- fixed length control field: 210602|| aca||aabn | a|a d
040 ## - CATALOGING SOURCE
- Original cataloging agency:
- Transcribing agency:
100 ## - HEADING--PERSONAL NAME
- Personal name: Delany, Martin Robison
- Dates associated with a name: 1812-1885
670 ## - SOURCE DATA FOUND
- Source citation: Work cat.: (): Griffith, Cyril E. 452011, The African dream, c1975
